Computer architecture and organization / (Record no. 22201)

000 -LEADER
fixed length control field 00619pam a2200181 a 4500
020 ## - INTERNATIONAL STANDARD BOOK NUMBER
ISBN 0070273669
040 ## - CATALOGING SOURCE
Transcribing agency DLC
082 ## - DEWEY DECIMAL CLASSIFICATION NUMBER
Classification number 004 HAY 1988 C279 Or.
100 1# - MAIN ENTRY--AUTHOR NAME
Personal name Hayes, John P.
245 10 - TITLE STATEMENT
Title Computer architecture and organization /
250 ## - EDITION STATEMENT
Edition statement 2nd ed
260 ## - PUBLICATION, DISTRIBUTION, ETC. (IMPRINT)
Place of publication New York :
Name of publisher McGraw-Hill,
Year of publication c1988
300 ## - PHYSICAL DESCRIPTION
Number of Pages xv, 702 p. :
Other physical details ill. ;
Dimensions 25 cm
500 ## - GENERAL NOTE
General note "Intended primarily as a text for computer science and electrical engineering courses at the advanced undergraduate or beginning graduate levels"--P. xiii
650 #0 - SUBJECT ADDED ENTRY--TOPICAL TERM
Topical Term Computer architecture
650 #0 - SUBJECT ADDED ENTRY--TOPICAL TERM
Topical Term Electronic digital computers
942 ## - ADDED ENTRY ELEMENTS (KOHA)
Koha item type ADB
952 ## - LOCATION AND ITEM INFORMATION (KOHA)
Withdrawn status [LOCAL, KOHA] 0
Holdings
Permanent Location Date acquired Koha item type Lost status Shelving location Barcode Current Location Full call number
Library Block C2023-11-16ADB C279a14129Library Block C004 HAY 1988 C279 Or.
មជ្ឈមណ្ឌលឯការនៃសាកលវិទ្យាល័យភូមិន្ទកសិកម្មចំការដូង

Powered by Koha